Crouching Tiger ... (Record no. 82680)
[ view plain ]
| 000 -LEADER | |
|---|---|
| fixed length control field | 00730cab a22001935a 4500 |
| 001 - CONTROL NUMBER | |
| control field | L151004 |
| 008 - FIXED-LENGTH DATA ELEMENTS--GENERAL INFORMATION | |
| fixed length control field | 100922e2010 xxk 000 0 eng d |
| 035 ## - SYSTEM CONTROL NUMBER | |
| System control number | (Sirsi) u151004 |
| 041 0# - LANGUAGE CODE | |
| Language code of text/sound track or separate title | eng |
| 100 1# - MAIN ENTRY--PERSONAL NAME | |
| Personal name | McMeeken, Roxane |
| 245 00 - TITLE STATEMENT | |
| Title | Crouching Tiger ... |
| Remainder of title | tempted to get a foothold in China by buying a business there? |
| 260 ## - PUBLICATION, DISTRIBUTION, ETC. | |
| Date of publication, distribution, etc. | 2010 |
| 490 ## - SERIES STATEMENT | |
| Series statement | Building |
| Volume/sequential designation | 275 (8646) 17 September 2010, 44-46(3) |
| 520 ## - SUMMARY, ETC. | |
| Summary, etc. | The Chinese construction market is booming; exploring the hidden dangers of acquiring a company in China, acquisition, due diligence, knowing your target, avoiding corruption; a case study in Shanghai. |
| 590 ## - LOCAL NOTE (RLIN) | |
| Local note | KA |
| 651 #4 - SUBJECT ADDED ENTRY--GEOGRAPHIC NAME | |
| Geographic name | China |
| 690 ## - LOCAL SUBJECT ADDED ENTRY--TOPICAL TERM (OCLC, RLIN) | |
| Topical term or geographic name as entry element | BUILT ENVIRONMENT-CONSTRUCTION MARKET |
| 942 ## - ADDED ENTRY ELEMENTS (KOHA) | |
| Suppress in OPAC | 0 |
| Withdrawn status | Lost status | Source of classification or shelving scheme | Damaged status | Not for loan | Home library | Current library | Shelving location | Date acquired | Total Checkouts | Full call number | Barcode | Date last seen | Copy number | Price effective from | Koha item type |
|---|---|---|---|---|---|---|---|---|---|---|---|---|---|---|---|
| Dewey Decimal Classification | London | London | Journal article | 22/09/2010 | L151004 | 151004-1001 | 06/08/2019 | 1 | 06/08/2019 | Journal article |